ბათუმის შოთა რუსთაველის სახელმწიფო უნივერსიტეტის ბიბლიოთეკა

Демонстрационные опыты по неорганической химии (ბიბ.ჩანაწერი № 35228)

000 -LEADER
fixed length control field 00814nam a2200253Ia 4500
001 - CONTROL NUMBER
control field 1074
003 - CONTROL NUMBER IDENTIFIER
control field GE_BSU
008 - FIXED-LENGTH DATA ELEMENTS--GENERAL INFORMATION
fixed length control field 181216s||||||||xx |||||||||||||| ||und||
020 ## - INTERNATIONAL STANDARD BOOK NUMBER
International Standard Book Number 9785769542718
040 ## - CATALOGING SOURCE
Transcribing agency GE_BSU
080 ## - UNIVERSAL DECIMAL CLASSIFICATION NUMBER
Universal Decimal Classification number 546(075.8)
100 ## - MAIN ENTRY--PERSONAL NAME
Personal name Субботина,Н.А.;Алешин,В.А.;Знаменков,К.О.
245 ## - TITLE STATEMENT
Title Демонстрационные опыты по неорганической химии
245 ## - TITLE STATEMENT
Remainder of title Уч-е пособие для вузов
245 ## - TITLE STATEMENT
Statement of responsibility, etc. Под ред.Ю.Д.Третьякова
260 ## - PUBLICATION, DISTRIBUTION, ETC.
Place of publication, distribution, etc. Москва
260 ## - PUBLICATION, DISTRIBUTION, ETC.
Name of publisher, distributor, etc. Академия
260 ## - PUBLICATION, DISTRIBUTION, ETC.
Date of publication, distribution, etc. 2008
300 ## - PHYSICAL DESCRIPTION
Extent 288стр.
653 ## - INDEX TERM--UNCONTROLLED
Uncontrolled term Демонстрационные опыты по неорганической химии
653 ## - INDEX TERM--UNCONTROLLED
Uncontrolled term Химия
942 ## - ADDED ENTRY ELEMENTS (KOHA)
Koha item type წიგნი
ეგზემპლარები
Withdrawn status Lost status Damaged status Not for loan Date acquired Barcode Date last seen Price effective from Koha item type Public note
        2018-12-17 2486 2018-12-17 2018-12-17 წიგნი დარბაზი